00748cam a2200193 a 450000100100000000500170001000800410002704000250006808200180009310000490011124500470016026000550020730000210026250000730028365000300035665000320038695201210041899900150053900000492720200929151534.0840402s1937 ck 001 0 spa  aDO-SdBNPbspacBNPHU aC861.4bG633p1 aGómez, Ruperto Segundo,d1837-1910.91424110aPoesías escogidas /cRuperto S. Gómez. aBogotá :bEscuelas Gráficas Salesianas,c1937. a270 p. ;c20 cm. a"Publicados por sus hijos en el primer centenario de su nacimiento." 4aPoesìa colombiana93742 4aLiteratura colombiana91244 001052708MOaGRbGRcCTd2009-07-27iLF1l0oC861.4 G633pp4927-10r2020-06-25w2020-06-25y2ZPréstamo interno c4733d4733